Most expensive football transfers - Right-Backs - 2017-2018 Season - Statistics

General Stats
  • This quiz has been taken 13 times
  • The average score is 6 of 11
Answer Stats
Fee (M €) Nationality Left Joined Player % Correct
52,70 England Tottenham Manchester City Kyle Walker
100%
25,00 Ivory Coast Paris SG Tottenham Serge Aurier
100%
35,70 Portugal Benfica Barcelona Nélson Semedo
92%
16,00 Netherlands Feyenoord AS Roma Rick Karsdorp
58%
24,00 Italy Atalanta BC AC Milan Andrea Conti
42%
12,50 Brazil Torino AS Roma Bruno Peres
42%
10,50 Argentina Estudiantes LP Tottenham Juan Foyth
42%
12,00 Italy AC Milan Juventus Mattia De Sciglio
42%
7,00 Spain Juventus Sassuolo Pol Lirola
33%
7,00 Germany TSG Hoffenheim Borussia Dortmund Jeremy Toljan
25%
9,00 France Saint-Étienne LOSC Lille Kévin Malcuit
17%
No matching quizzes found
Score Distribution
Percent of People with Each Score
Percentile by Number Answered
Your Score History
You have not taken this quiz